000 00894nam a22003017a 4500
001 BR9210123
003 BR-BrBNA
005 20230928093731.0
007 ta
008 230509b bl.||||| |||| 00| 0 por d
040 _aBR-BrBNA
_bpor
_cBiblioteca Nacional de Agricultura
041 _a(Por)
072 _aP01; F06; E50
090 _ P01 BR9210123
110 1 _aSecretaria Nacional de Irrigacao, Brasilia, DF (Brasil)
_99208
110 1 _aInstituto Brasileiro do Meio Ambiente e dos Recursos Naturais Renovaveis, Brasilia, DF (Brasil)
245 1 _aMeio ambiente e irrigacao
260 3 _aBrasilia, DF (Brasil):
_c1992.
300 _a109 p.
650 _aPreservacao da Natureza
650 _aMeio Ambiente
650 _aIrrigacao
650 _aAgua
650 _aControle de Qualidade
650 _aComunidade Rural
909 _a202309
_bLucia
_c55
_dLucia Elande
942 _cBK
999 _c46771
_d46771